000 02609nam a2200613Ia 4500
001 sjds1049225
003 sjds
005 20171023152524.0
008 010205m20001999sp c 000 1 spa d
020 _a8478886540 (pbk.)
020 _a9788478886548 (pbk.)
020 _a8478884459
020 _a9788478884452
020 _a9788498386943 (trade paperback)
035 _a347760
035 _z(OCoLC)48120047
_z(OCoLC)52601589
035 _a(OCoLC)45847385
035 _a1029135
035 _a841867
035 _a347760
040 _aMNE
_cMNE
_dOCLCQ
_dTEF
_dUtOrBLW
041 1 _aspa
_heng
049 _aIFAA
099 _f2016
999 _c19001
_d19001
999 _bCHILDREN ESPANOL FICTION ROWLING 2016
100 1 _aRowling, J. K.,
_eauthor.
240 1 0 _aHarry Potter and the philosopher's stone.
_lSpanish
245 1 0 _aHarry Potter y la piedra filosofal /
_cJ.K. Rowling ; [traducción, Alicia Dellepiane].
260 _aBarcelona :
_bSalamandra ; Emece Editores,
_c2000, c1999.
264 1 _aBarcelona :
_bSalamandra ; Emece Editores,
_c2000.
264 4 _cc1999
300 _a254 pages ;
_c23 cm.
336 _atext
_btxt
_2rdacontent
337 _aunmediated
_bn
_2rdamedia
338 _avolume
_bnc
_2rdacarrier
490 1 _aHarry Potter ;
_v1
500 _aSequel: Harry Potter and the Chamber of Secrets.
520 _aRescued from the outrageous neglect of his aunt and uncle, a young boy with a great destiny proves his worth while attending Hogwarts School for Wizards and Witches.
520 _aUn huérfano que vive en la casa de sus abominables tíos, Harry Potter es un chico muy triste y solo, hasta que reciba una carta que cambiará su vida para siempre. En ella le comunican que ha sido aceptado como alumno en el Colegio Interno Hogwarts de Magia y Hechicería, porque Harry no es un chico común y corriente. �Es un mago!
526 0 _aAccelerated Reader
_bMG
_c6.6
_d13.0
_z26759SP
650 0 _aWizards
_vJuvenile fiction.
650 0 _aMagic
_vJuvenile fiction.
650 0 _aHogwarts School of Witchcraft and Wizardry (Imaginary organization)
_vJuvenile fiction.
650 0 _aSchools
_vJuvenile fiction.
650 7 _aMagia
_vNovela juvenil.
_2bidex
650 7 _aEscuelas
_vNovela juvenil.
_2bidex
650 7 _aMagos
_vNovela juvenil.
_2local
650 7 _aColegio Hogwarts de Magia y Hechiceria (Lugar imaginario)
_vNovela juvenil.
_2local
651 0 _aEngland
_vJuvenile fiction.
651 7 _aInglaterra
_vNovela juvenil.
_2bidex
700 1 _aDellepiane Rawson, Alicia.
800 1 _aRowling, J. K.
_tHarry Potter series.
_lSpanish ;
_v1.
942 _cBK